International directory on the young child and the family environment. (Record no. 139314)

MARC details
000 -CABECERA
campo de control de longitud fija 00707nam a2200205 a 4500
005 - FECHA Y HORA DE LA ÚLTIMA TRANSACCIÓN
campo de control 20210219160517.0
008 - ELEMENTOS DE LONGITUD FIJA--INFORMACIÓN GENERAL
campo de control de longitud fija 081109s2000 mx r 000 0 spa d
020 ## - NÚMERO INTERNACIONAL NORMALIZADO PARA LIBROS
Número Internacional Estándar del Libro 9331027328
035 ## - NÚMERO DE CONTROL DEL SISTEMA
Número de control de sistema UPN01000167203
049 ## - COLECCIÓN
Colección UNE
080 ## - NÚMERO DE CLASIFICACIÓN DECIMAL UNIVERSAL
Número de la Clasificación Decimal Universal OC 061.2: 373.2 (100) =201991 INT.
245 00 - MENCIÓN DE TÍTULO
Título International directory on the young child and the family environment.
260 ## - PUBLICACIÓN, DISTRIBUCIÓN, ETC.
Lugar de publicación, distribución, etc. Paris : UNESCO, 1991.
300 ## - DESCRIPCIÓN FÍSICA
Extensión 326 p.
690 ## - PUNTO DE ACCESO ADICIONAL DE MATERIA LOCAL--TÉRMINO DE MATERIA (OCLC, RLIN)
Término de materia o nombre geográfico como elemento inicial Directorios- Instituciones- Educacion preescolar
690 ## - PUNTO DE ACCESO ADICIONAL DE MATERIA LOCAL--TÉRMINO DE MATERIA (OCLC, RLIN)
Término de materia o nombre geográfico como elemento inicial Educacion preescolar- Primera infancia- Asociaciones
690 ## - PUNTO DE ACCESO ADICIONAL DE MATERIA LOCAL--TÉRMINO DE MATERIA (OCLC, RLIN)
Término de materia o nombre geográfico como elemento inicial Niños de edad preescolar- Instituciones- Directorios
710 2# - ASIENTO SECUNDARIO - NOMBRE CORPORATIVO
Nombre de entidad corporativa o nombre de jurisdicción como elemento de entrada Young Child and the Family Environment Project.
905 ## - TIPO DE MATERIAL
Tipo de material UNESCO

No items available.